Online Catalogue and eLibrary

The Everyday World As Problematic: (Record no. 1038)

MARC details
000 -LEADER
fixed length control field 00526nam a2200205Ia 4500
005 - DATE AND TIME OF LATEST TRANSACTION
control field 20250317062702.0
008 - FIXED-LENGTH DATA ELEMENTS--GENERAL INFORMATION
fixed length control field 240331s9999 xx 000 0 und d
020 ## - INTERNATIONAL STANDARD BOOK NUMBER
ISBN 0802067026
082 ## - DDC Classification
Class No. 301
Item Number - Author Mark SMI
DDC Edition Number 4417
100 ## - MAIN ENTRY--PERSONAL NAME
Personal name Smith, D. E
245 #4 - TITLE STATEMENT
Title The Everyday World As Problematic:
Remainder of title A Feminist Sociology
260 ## - PUBLICATION, DISTRIBUTION, ETC.
Place of publication, distribution, etc. Toronto,
Name of publisher, distributor, etc. University of Toronto Press
Date of publication, distribution, etc. 1987
300 ## - PHYSICAL DESCRIPTION
Extent (e.g. Volumes, Pages etc.) vi, 244 p.,
650 ## - SUBJECT ADDED ENTRY--TOPICAL TERM
Topical term or geographic name entry element Sociology
650 ## - SUBJECT ADDED ENTRY--TOPICAL TERM
Topical term or geographic name entry element Women
650 ## - SUBJECT ADDED ENTRY--TOPICAL TERM
Topical term or geographic name entry element Feminism
650 ## - SUBJECT ADDED ENTRY--TOPICAL TERM
Topical term or geographic name entry element Politics
650 ## - SUBJECT ADDED ENTRY--TOPICAL TERM
Topical term or geographic name entry element Ethnography
942 ## - Koha item type (Biblio)
Koha item type Books in Stacks (Lending)
Holdings
Lost status Damaged status Collection code Home library Current library Shelving location Date acquired Full call number Accession Number Item type
    Lending WERC Library WERC Library Social Science Cupboard 03/31/2024 301 SMI 4417 Books in Stacks (Lending)

© WERC Library